000 00704nam a2200241 a 4500
001 42328
003 BD-RjUL
005 20211209053527.0
008 140225r19531948enka 001 0 eng
035 _a(BD-RjUL)42446
040 _aDLC
_cCarP
_dBD-RjUL
_beng
041 _aeng
082 0 4 _a330
_bBEE 1953
100 1 _aBenham, Frederic
_d1900-1962.
_913519
245 1 0 _aEconomics :
_ba general textbook for students /
_cby Frederic Benham
250 _a4th ed.
260 _aLondon :
_bSir I. Pitman & sons, ltd.,
_cc1948 [Reprinted 1953].
300 _axvii, 542 p. :
_bill. ;
_c22 cm.
504 _aIncludes index.
650 0 _aEconomics.
_960916
942 _2ddc
_cBK
999 _c42328
_d42328